Statistiken für Die teuersten Fußballtransfers - Stürmer

Klicken Sie hier um das Quiz zu spielen!

Allgemein

  • Dieses Quiz wurde 60 mal gespielt
  • Das Durchschnittsergebnis liegt bei 9 aus 10

Antwortstatistiken

Ablöse (M €)SaisonNationalitätAbgebender VereinAufnehmender VereinSpieler% Korrekt
120,002019-2020FrankreichAtlético MadridFC BarcelonaAntoine Griezmann
98%
180,002018-2019FrankreichAS MonacoParis SGKylian Mbappé
98%
222,002017-2018BrasilienFC BarcelonaParis SGNeymar
98%
117,002018-2019PortugalReal MadridJuventus TurinCristiano Ronaldo
96%
135,002017-2018FrankreichBorussia DortmundFC BarcelonaOusmane Dembélé
96%
101,002013-2014WalesTottenhamReal MadridGareth Bale
95%
115,002019-2020BelgienFC ChelseaReal MadridEden Hazard
91%
113,002021-2022BelgienInter MailandFC ChelseaRomelu Lukaku
91%
127,202019-2020PortugalBenficaAtlético MadridJoão Félix
89%
117,502021-2022EnglandAston VillaManchester CityJack Grealish
88%

Verteilung der Resultate

Perzentil nach korrekt beantworteten Fragen

Anzahl Personen mit jedem Resultat

Ihre Resultats-Entwicklung

Sie haben dieses Quiz noch nicht gespielt